00437nam a2200145Ia 4500008004100000082001600041100001200057245003100069260001300100300000800113650001800121942001200139952012500151999001500276150301s2015 xx 000 0 und d a615.1bM15S aSUPRIMA aMEDICAL HANDBOOK ON STATIN bLOPRICAR a176 aPHARMACEUTICS 2ddccBK 00102ddc40708FPaAPLbAPLcREFd2015-07-02eABC-DELHIiSGTUo615.1 M15SpFP1430r2015-07-02 00:00:00w2015-07-02yBK c7371d7371